Logo BPK

Biblioteka

Politechniki Koszalińskiej

The Listening File / (Rekord nr 41326)

Szczegóły MARC
000 -ETYKIETA REKORDU
podpole kontrolne o stałej długości 00622nam a2200217 i 4500
001 - NUMER KONTROLNY REKORDU
pole kontrolne bgj
020 ## - MIĘDZYNARODOWY ZNORMALIZOWANY NUMER KSIĄŻKI - ISBN
ISBN 0582795362 (pbk)
040 ## - ŹRÓDŁO KATALOGOWANIA
Instytucja, która utworzyła rekord BPK
041 0# - KOD JĘZYKA
Kod języka tekstu eng
920 ## - Międzynarodowy znormalizowany numer książki – ISBN
ISBN 0-582-79536-2 (pbk)
008 - POLE O STAŁEJ DŁUGOŚCI - DANE KONTROLNE
podpole kontrolne o stałej długości s uk f |000 0 eng
100 1# - NAZWA OSOBOWA
Nazwa osobowa HARMER, Jeremy.
245 10 - TYTUŁ/ODPOWIEDZIALNOŚĆ
Tytuł The Listening File /
Pozostałe elementy strefy tytułu i oznaczenia odpowiedzialności Jeremy Harmer and Steve Elsworth.
260 ## - STREFA ADRESU WYDAWNICZEGO
Miejsce wydania Singapore :
Nazwa wydawcy/dystrybutora Longman,
Data publikacji, dystrybucji/powstania dokumentu 1989.
300 ## - STREFA OPISU FIZYCZNEGO
Objętość 95 pp :
Inne cechy fizyczne ill. ;
Rozmiary 25 cm.
505 ## - SFORMALIZOWANA UWAGA DOTYCZĄCA ZAWARTOŚCI
Pełny tekst uwagi Includes tapescript and answer key.
650 #9 - HASŁO PRZEDMIOTOWE W FORMIE NAZWY OGÓLNEJ LUB JEDNOSTKOWEJ
Nazwa ogólna lub geograficzna English language
Określnik ogólny Listening
655 ## - TERMIN INDEKSOWY - OKREŚLENIE RODZAJU/FORMY DOKUMENTU
Określenie rodzaju/formy dokumentu Textbooks for foreigners
700 1# - HASŁO DODATKOWE - NAZWA OSOBOWA
Nazwa osobowa ELSWORTH, Steve.
Określenie związku między hasłem a opisywanym materiałem co-author
856 ## - LOKALIZACJA I DOSTĘP DO ELEKTRONICZNYCH DOKUMENTÓW ZDALNYCH
Link (URL) http://koha.tu.koszalin.pl/cgi-bin/koha/opac-detail.pl?biblionumber=41326
Tekst linku Katalog online BPK
942 ## - DODATKOWE ELEMENTY (KOHA)
Typ dokumentu Książka
Egzemplarze
Wycofany Status egzemplarza Uszkodzony Dostępność Lokalizacja stała Lokalizacja bieżąca Miejsce przechowywania Sygnatura Kod kreskowy Typ dokumentu
      Tylko na miejscu Biblioteka Politechniki Koszalińskiej Biblioteka Politechniki Koszalińskiej Czytelnia Wydziałowa ul. Kwiatkowskiego 6e KA 1872 09088542 Książka
      Dostępny Biblioteka Politechniki Koszalińskiej Biblioteka Politechniki Koszalińskiej Wypożyczalnia Językowa KA 1873 09009202 Książka
      Dostępny Biblioteka Politechniki Koszalińskiej Biblioteka Politechniki Koszalińskiej Wypożyczalnia Językowa KA 1874 09009295 Książka
      Dostępny Biblioteka Politechniki Koszalińskiej Biblioteka Politechniki Koszalińskiej Wypożyczalnia Językowa KA 1875 09009288 Książka
      Dostępny Biblioteka Politechniki Koszalińskiej Biblioteka Politechniki Koszalińskiej Wypożyczalnia Językowa KA 1876 09029002 Książka
© 2023 Biblioteka Politechniki Koszalińskiej :: KOHA